The changeling /

Bibliographic Details
Main Author: Middleton, Thomas, -1627
Other Authors: Rowley, William, 1585?-1642?, Williams, George Walton, 1922-
Format: Book
Language:English
Published: Lincoln : University of Nebraska Press, [1966]
Series:Regents Renaissance drama series.

MARC

Tag First Indicator Second Indicator Subfields
LEADER 00000cam a2200000 4500
001 in00000029598
005 20151007062844.0
008 720712s1966 nbu 00010 eng u
010 |a  65015340  
035 |a (OCoLC)00353796 
035 |9 AAD5951AM 
040 |c WSU  |d OCL  |d TXA  |d UtOrBLW 
049 |a TXAM  |c [466884] 
050 0 0 |a PR2714  |b .C5 1966b 
092 |a 822  |b M629c, 1966/ 
100 1 |a Middleton, Thomas,  |d -1627. 
245 1 4 |a The changeling /  |c [by] Thomas Middleton and William Rowley. Edited by George Walton Williams. 
264 1 |a Lincoln :  |b University of Nebraska Press,  |c [1966] 
300 |a xxiv, 112 pages ;  |c 21 cm. 
336 |a text  |b txt  |2 rdacontent 
337 |a unmediated  |b n  |2 rdamedia 
338 |a volume  |b nc  |2 rdacarrier 
490 1 |a Regents Renaissance drama series 
700 1 |a Rowley, William,  |d 1585?-1642? 
700 1 |a Williams, George Walton,  |d 1922- 
830 0 |a Regents Renaissance drama series. 
999 |a MARS 
999 f f |s 8f1730b9-0a5d-33da-9267-ecbc40da41ce  |i 126d75ee-dc00-3025-b21b-9786909d8c9a  |t 0 
952 f f |p ric  |a Texas A&M University  |b Rellis Campus  |c Joint Library Facility  |d Remote Storage  |t 0  |e PR2714 .C5 1966b  |h Library of Congress classification  |i unmediated -- volume  |m A14801298695 
998 f f |a PR2714 .C5 1966b  |t 0  |l Remote Storage